UFC: TUF Winners and Runners-Up Who Became UFC Champions - Statistics

General Stats
  • This quiz has been taken 173 times
    156 since last reset
  • The average score is 7 of 11
Answer Stats
Country TUF Title UFC Title Answer % Correct
NGA 2015 (WW) 2019 (WW) Kamaru Usman
87%
AUS 2012 (WW) 2017 (MW) Robert Whittaker
81%
ENG 2006 (LHW) 2017 (MW) Michael Bisping
75%
USA 2011 (BW) - (RU) 2014 (BW) TJ Dillashaw
66%
USA 2005 (LHW) 2008 (LHW) Forrest Griffin
58%
USA 2006 (WW) 2007 (WW) Matt Serra
57%
USA 2005 (HW) 2008 (LHW) Rashad Evans
56%
USA 2014 (W-SW) - (RU) 2017 (W-SW) Rose Namajunas
52%
USA 2013 (W-BW) 2021 (W-BW) Julianna Peña
50%
USA 2014 (W-SW) 2014 (W-SW) Carla Esparza
42%
USA 2017 (W-FW) 2017 (W-FW) Nicco Montaño
27%
No matching quizzes found
Score Distribution
Percent of People with Each Score
Percentile by Number Answered
Your Score History
You have not taken this quiz since the last reset